000 00892nam a2200265Ia 4500
001 21941
005 20260320113327.0
008 260320s9999||||xx |||||||||||||| ||und||
020 _a9786125043825
041 _aESP
082 _a985.019
_bS17
100 _aSalas García, José Antonio,
_eAUT
245 0 _aTravesías ultramarinas de Túpac Yupanqui
_b
246 _a
_5
_b
250 _aPrimera reimpresión
260 _aLima :
_bErnst & Young Consultores,
_c2025
300 _a439 páginas :
_bfiguras, mapas ;
_c29 cm.
_e
440 _a
_n
_v
650 _aHIS
653 _aHistoria del Perú; Incas - Perú; América del Sur - Historia - Época Prehispánica; Túpac Yupanqui, Inca, ca. 1440-1485 - Viajes - Oceanía
654 _aCHU
700 _a
_c
856 _uhttps://www-jstor-org.ucsp.lookproxy.com/
_zVéase además: Base de datos JSTOR
942 _cLIB
_dJUS
_fTRC
_2ddc
_n
999 _c21941
_d21941